Seattle Seahawks Schedule 2022/2023 - Statistics

General Stats
  • This quiz has been taken 53 times
  • The average score is 10 of 18
Answer Stats
Week Seahawks Opponent % Correct
1 Seahawks vs Broncos
94%
18 Seahawks vs Rams
79%
2 Seahawks at 49ers
74%
3 Seahawks vs Falcons
62%
13 Seahawks at Rams
57%
15 Seahawks vs 49ers
55%
10 Seahawks vs Buccaneers
55%
6 Seahawks vs Cardinals
55%
7 Seahawks at Chargers
53%
4 Seahawks at Lions
53%
5 Seahawks at Saints
53%
9 Seahawks at Cardinals
51%
16 Seahawks at Chiefs
47%
12 Seahawks vs Raiders
47%
8 Seahawks vs Giants
40%
17 Seahawks vs Jets
38%
11 Seahawks Bye
36%
14 Seahawks vs Panthers
32%
No matching quizzes found
Score Distribution
Percent of People with Each Score
Percentile by Number Answered
Your Score History
You have not taken this quiz